HODNOTENIE HYGIENY PÔDY V OKOLÍ KOVOHUTE KROMPACHY

Bibliographic Details
Main Authors: Tomáš, J. (Author), Parilák, O. (Author), Lazor, Peter, 1971- (Author), Tóth, T. (Author)
Format: Article
Language:Slovak
ISBN:807137542X

MARC

LEADER 00000naa a2200000uu 4500
001 vtls010954306
003 SK-MaSNL
005 20260302124014.0
008 210909|1998 xo |||||||||||||||||slo|
015 |a SNBRA 
035 |a (urnnbn)urn:nbn:sk:snk:ar-a0bmav 
035 |a (uuid)8a27e37e-506c-4373-871e-a6ef72a8d666 
035 |a urn:nbn:sk:snk-aaue9y 
040 |a SNKBUCL  |b slo  |c SNKBUCL  |e AACR2 
041 0 |a slo 
044 |a xo  |c SK 
100 1 |a Tomáš, J.  |4 aut  |9 786929 
245 1 0 |a HODNOTENIE HYGIENY PÔDY V OKOLÍ KOVOHUTE KROMPACHY  |c J. Tomáš, O. Parilák, P. Lazor, T. Tóth 
700 1 |a Parilák, O.  |4 aut  |9 809546 
700 1 |a Lazor, Peter,  |d 1971-  |4 aut  |9 18585 
700 1 |a Tóth, T.  |4 aut  |9 273397 
773 0 |t Aktuálne problémy riešené v poľnohospodárstve  |d Nitra : Slovenská poľnohospodárska univerzita, 1998  |g S. 74-77  |z 807137542X 
958 |a OND 
958 |a article11 
958 |a chapter 
999 |c 1285697  |d 1287627